书目信息 |
| 题名: |
胶黏剂配方工艺手册
|
|
| 作者: | 李和平 主编 | |
| 分册: | ||
| 出版信息: | 北京 化学工业出版社 2006 |
|
| 页数: | 30,898页 | |
| 开本: | 28cm | |
| 丛书名: | 精细化工配方工艺系列 | |
| 单 册: | ||
| 中图分类: | TQ430.6-62 | |
| 科图分类: | ||
| 主题词: | 胶黏剂--配方--生产工艺--技术手册 , 胶黏剂 | |
| 电子资源: | ||
| ISBN: | 7-5025-7971-0 | |
| 000 | 00883oam2 2200265 450 | |
| 001 | 012007596762 | |
| 005 | 20070523084620.40 | |
| 010 | @a7-5025-7971-0@b精装@dCNY138.00 | |
| 100 | @a20070516d2006 km y0chiy0120 ea | |
| 101 | 0 | @achi |
| 102 | @aCN@b110000 | |
| 105 | @ay z 000yy | |
| 106 | @ar | |
| 200 | 1 | @a胶黏剂配方工艺手册@Ajiao nian ji pei fang gong yi shou ce@f李和平主编@Fli he ping zhu bian |
| 210 | @a北京@c化学工业出版社@d2006 | |
| 215 | @a30,898页@d28cm | |
| 225 | 2 | @a精细化工配方工艺系列 |
| 330 | @a本书阐述了国民经济中各行业所用胶黏剂的主要品种,以及从多配方的主要成份或原料及用量、制备工艺、性能及用途等。 | |
| 461 | 0 | @12001 @a精细化工配方工艺系列 |
| 606 | 0 | @a胶黏剂@x配方@x生产工艺@j技术手册 |
| 606 | 0 | @a胶黏剂 |
| 690 | @aTQ430.6-62@v4 | |
| 701 | 0 | @a李和平@Ali he ping@c(化工)@4主编 |
| 801 | 0 | @aCN@bRULIN@c20070523 |
| 905 | @dTQ430.6-62@e5@s2 | |
| 胶黏剂配方工艺手册/李和平主编.-北京:化学工业出版社,2006 |
| 30,898页;28cm.-(精细化工配方工艺系列) |
| ISBN 7-5025-7971-0(精装):CNY138.00 |
| 本书阐述了国民经济中各行业所用胶黏剂的主要品种,以及从多配方的主要成份或原料及用量、制备工艺、性能及用途等。 |
| ● |
| 相关链接 |
|
|
|
|
正题名:胶黏剂配方工艺手册
索取号:TQ430.6-62/5
 
预约/预借
| 序号 | 登录号 | 条形码 | 馆藏地/架位号 | 状态 | 备注 |
| 1 | 0577018 | 205770183 | 第二样本阅览室/ [索取号:TQ430.6-62/5] | 在馆 | |
| 2 | 0577019 | 205770192 | 第三借阅区/ [索取号:TQ430.6-62/5] | 在馆 |